Score 0/20 Timer 08:00
4 Plays Today
% Correct
...the giant head in the sky!
94.2%
...they're about to hit that critical point of syrup-absorption that turns the cakes into a gross paste.
94.2%
Yeah, I like it this way. I'm not stupid.
94%
Not in never-past-bedtime-land!
93.5%
And there's so many TV's, microwaves, radios -- I think!
92.8%
We all want to die! We're Meeseeks!
92.7%
It's society. They work for each other, Morty.
92.2%
It is random debris. I found it in my carpet. I don't know what humans eat.
92.2%
Alien Invasion Tomato Monster Mexican Armada Brothers...
92%
Save your Rick rules for the sheep-Ricks, Rick-pig.
91.6%
% Correct
Well, what do you know about this, you're not in any of mine.
91.1%
I made him up. You really are your father's children. Think for yourselves, don't be sheep.
89%
You ever see a line for the men's room?
88%
...if that becomes impossible, please, you gotta treat yourself.
87.4%
Keep Summer safe.
86.8%
They eat every third baby because they think it makes fruit grow bigger!
85.6%
Bad person. Bad.
82.7%
Oooweee! Whatever you want, Rick!
81.6%
If I wanted to throw my life away, I'd hang out with Jerry all day.
80.2%
About nothing!
79.6%

You're not logged in!

Compare scores with friends on all Sporcle quizzes.
OR
Log In

Sporcle TV

Today on Sporcle TV


Watch our educational content, quiz creation guides, and fun videos on Sporcle TV.

Show Comments

Extras

Top Quizzes Today


Score Distribution

Paid Content

Your Account Isn't Verified!

In order to create a playlist on Sporcle, you need to verify the email address you used during registration. Go to your Sporcle Settings to finish the process.

Report this User

Report this user for behavior that violates our Community Guidelines.

Details: